000 00433 a2200169 4500
001 73155
020 _a9788508112364
040 _cAnchieta - Colégio São Paulo
100 _aFerraresi, Carla Miucci
240 1 0 _aHistória em projetos, 6ª Série - 7º ano
_lpor
245 1 0 _aHistória em projetos, 6ª Série - 7º ano
300 _a272
362 0 _a2007
440 1 _aÁtica
650 4 _aHistória do mundo
942 _cBK
999 _c73155
_d73155